000
00275nam a22001097a 4500
008
170113b xxu||||| |||| 00| 0 eng d
020
_a
2900781735239
041
_a
eng
080
_2
5TH
_a
618.2
245
_a
CONCEPTUAL BASES OF PROFESSIONAL NURSING
_c
HOOD, L.J
942
_2
udc
_c
BK
999
_c
2855
_d
2855